Pick the Tom Cruise Movie Quiz Stats

 Plays Quiz Updated Feb 24, 2019

     
Support Sporcle.
Go Orange.
Score 0/16 Timer 03:00
1 Play Today
Question Answer Wrong Answers
Which one of these films stars Tom Cruise? Mission: Impossible
97.4%
Get Hard
0.3%
Die Another Day
0.7%
Everest
0.2%
Which one of these films stars Tom Cruise? Top Gun
96.8%
Short Cuts
0.3%
About Schmidt
0.3%
Wall Street
1.3%
Which one of these films stars Tom Cruise? Jerry Maguire
94.9%
Big Eyes
1.1%
No Country for Old Men
1.5%
Drag Me to Hell
1.2%
Which one of these films stars Tom Cruise? Minority Report
93.4%
Guardians of the Galaxy
1%
Capote
1.4%
Stay Alive
2.8%
Which one of these films stars Tom Cruise? Risky Business
93.2%
Kiss Kiss Bang Bang
2.2%
Something Borrowed
1.7%
Take Shelter
1.5%
Which one of these films stars Tom Cruise? Jack Reacher
91.6%
Pacific Rim
3%
Turbo
0.9%
Deep Impact
3.1%
Which one of these films stars Tom Cruise? Eyes Wide Shut
91%
The Bourne Legacy
2.8%
Julie and Julia
1.9%
Barton Fink
2.8%
Which one of these films stars Tom Cruise? Vanilla Sky
91%
Back to the Future
0.6%
The Mummy (1999)
4.5%
City Hall
2.5%
Which one of these films stars Tom Cruise? A Few Good Men
90.7%
Chill Factor
2%
Black Hawk Down
4%
A Royal Affair
2%
Which one of these films stars Tom Cruise? War of the Worlds
89.5%
Public Enemies
4.5%
Eternal Sunshine of the Spotless Mind
1.7%
Immortals
2.9%
Which one of these films stars Tom Cruise? Collateral
88.2%
Short Term 12
2.7%
Pan's Labyrinth
3.6%
Sin City
4.1%
Which one of these films stars Tom Cruise? The Last Samurai
86.7%
Seven Samurai
8.2%
Flawless
2.3%
He's Just Not That Into You
1.6%
Which one of these films stars Tom Cruise? Knight and Day
86.5%
Hannibal
1.6%
Zodiac
8%
Black Swan
2.5%
Which one of these films stars Tom Cruise? Edge of Tomorrow
86.1%
The Giver
2.8%
Big Fish
2.7%
Tomorrowland
7%
Which one of these films stars Tom Cruise? Oblivion
84.1%
The Terminal
5.2%
The Crying Game
5.4%
127 Hours
3.7%
Which one of these films stars Tom Cruise? The Mummy (2017)
68.1%
O Brother, Where Art Thou?
2.9%
Children of Men
21.1%
Close Encounters of the Third Kind
6.6%

From the Vault

¡Viva La Revolución! - World Uprisings

by Aprilli

History 6m
The world has seen a fair share of revolutions in its time.
Remove Ads.
Support Sporcle.
Get the best of Sporcle when you Go Orange. This ad-free experience offers more features, more stats, and more fun while also helping to support Sporcle. Thank you for becoming a member.

Show Comments

Extras

Top Quizzes Today


Score Distribution

Your Account Isn't Verified!

In order to create a playlist on Sporcle, you need to verify the email address you used during registration. Go to your Sporcle Settings to finish the process.

Report this User

Report this user for behavior that violates our Community Guidelines.

Details: